000 00571nam a2200205 i 4500
001 122942
003 ES-MaACL
005 20250723094633.0
007 t|
008 070214s1980 sp |||| | spa d
245 0 0 _aProntuario de química
_b: (repaso rápido de la química).
250 _a5ª ed.
260 _aMadrid :
_bEverest,
_c1980.
300 _a94 p. ;
_c13 cm.
490 1 _aBiblioteca técnica Everest
650 0 7 _aQuímica
_2embne
_916625
830 0 _aBiblioteca técnica Everest
_9186574
852 _aES-MaACL
_jC-48728
999 _c122942
_d122942